Dve tváre pokroku. Relokalizácia verzus redukcia pracovných miest
Príklady dosahu technologického pokroku na zamestnanosť v jednotlivých hospodárskych sektoroch.
Gespeichert in:
| 1. Verfasser: | |
|---|---|
| Format: | Buchkapitel |
| Sprache: | Slowakisch |
| Schlagworte: | |
| Tags: |
Keine Tags, Fügen Sie das erste Tag hinzu!
|
MARC
| LEADER | 00000naa a2200000 4500 | ||
|---|---|---|---|
| 001 | 0197345 | ||
| 005 | 20231204122934.0 | ||
| 041 | 0 | |a slo | |
| 044 | |a SK | ||
| 245 | 1 | 0 | |a Dve tváre pokroku. Relokalizácia verzus redukcia pracovných miest |c Michal Frič |
| 520 | |a Príklady dosahu technologického pokroku na zamestnanosť v jednotlivých hospodárskych sektoroch. | ||
| 610 | 2 | 0 | |a pokrok technologický |
| 610 | 2 | 0 | |a zamestnanosť |
| 610 | 2 | 0 | |a poľnohospodárstvo |
| 610 | 2 | 0 | |a priemysel |
| 610 | 2 | 0 | |a služby |
| 610 | 2 | 0 | |a čas voľný |
| 100 | 1 | |a Frič, Michal | |